| 000 | 00758nas a2200253 4500 | ||
|---|---|---|---|
| 001 | BR9203298 | ||
| 003 | BR-BrBNA | ||
| 005 | 20231205092627.0 | ||
| 007 | ta | ||
| 008 | 230509b bl.|||p| |||| 00| 00por d | ||
| 040 |
_aBR-BrBNA _bpor _cBiblioteca Nacional de Agricultura |
||
| 041 | _a(Pt) | ||
| 072 | _aP34 | ||
| 100 | 1 | _aSeganfredo, M.A. | |
| 100 | 1 | _aSelbach, P.A. | |
| 245 | 1 | _aAvaliacao de estirpes de Bradyrhizobium sp. para Centrosema spp. | |
| 650 | _aCENTROSEMA | ||
| 650 | _aESTIRPE | ||
| 650 | _aFIXACAO SIMBIOTICA DE NITROGENIO | ||
| 650 | _aRHIZOBIUM | ||
| 773 | 0 |
_tAgronomia Sulriograndense (Brazil) _xISSN 0400-8111 _g(Feb 1988), v. 24(2) p. 209-219 _wBR9203298 |
|
| 909 |
_a202311 _bLúcia _c55 _dLúcia Elande |
||
| 942 |
_2AGRIS _n0 _cANA |
||
| 999 |
_c132978 _d132978 |
||